000 00704nam a2200217Ia 4500
003 GCL
008 140319s9999 xx 000 0 ara d
040 _aGCL /
_cGCL
082 0 4 _a913.031
_bج م
100 1 _aجامعة الدول العربية
245 1 0 _aالمعالم الاثرية فى البلاد العربية /
_cجامعة الدول العربية
260 _a[S.N] :
_bجامعة الدول العربية-الامانة العامة ،
_c1971
300 _a335 ص
490 _a
650 0 4 _aالعالم العربى
650 0 4 _aالاثار الاسلامية
650 0 4 _aالمعابد
650 0 4 _aالعمارة
650 0 4 _aالمتاحف
942 _2ddc
_cBK
999 _c36408
_d36408